00518cam a22002171 4500001001300000003000400013005001700017008004100034010001700075035002000092040001800112042001200130050001900142100002200161245002700183260001100210300001900221500001300240500003000253999001700283sa 65002598 DLC20260227112117.0911107s1961 pk 000 0 urdr  asa 65002598  a(OCoLC)24708368 aDLCcWaUdDLC apremarc00aPK2200.C5bS551 aChandar, Krishan.10aSitāron̲ kī sair. c[1961] a159 p.c17 cm. aIn Urdu. aText partially vocalized. c62714d62714